Statistics for Famous Pauls Quiz

Click here to take the quiz!

General Stats

  • This quiz has been taken 15,056 times
    (10,384 since last reset)
  • The average score is 8 of 20

Answer Stats

ClueFamous Paul% Correct
Beatles memberPaul McCartney
95%
Garfunkel's partnerPaul Simon
88%
Movie star and
salad dressing tycoon
Paul Newman
75%
"American Idol" judgePaula Abdul
51%
Friend of Babe, the blue oxPaul Bunyan
49%
"Knocked Up" and "Anchorman" actorPaul Rudd
46%
One if by land, two if seaPaul Revere
45%
Southern chef who makes unhealthy foodPaula Deen
42%
French painter who traveled to TahitiPaul Gauguin
39%
Mitt Romney's running matePaul Ryan
36%
Immortal star of "Bio-Dome" and "Jury Duty"Pauly Shore
35%
That's not a knife!Paul Hogan
33%
Stylist who started a line of
hair-care products
Paul Mitchell
30%
He's "Mad About You"Paul Reiser
30%
Pee-wee HermanPaul Reubens
30%
Cofounder of MicrosoftPaul Allen
28%
"Sideways" actor who will not drink merlot!Paul Giamatti
27%
"(You're) Having My Baby"Paul Anka
23%
Former Celtics star known as "The Truth"Paul Pierce
23%
Brewers infielder who had 3,319 hitsPaul Molitor
16%

Score Distribution

Percentile by Number Answered

Percent of People with Each Score

Your Score History

You have not taken this quiz since the last reset